000 00480nam a2200181Ia 4500
003 GCL
008 140319s9999 xx 000 0 ara d
040 _aGCL /
_cGCL
082 0 4 _a813.02
_bف س
100 1 _aفتحى غانم
245 1 0 _aسور حديد مدبب /
_cفتحى غانم
300 _a154 ص
490 _aالكتاب الذهبى
_v0
650 0 4 _aالادب العربى
650 0 4 _aالقصص
650 0 4 _aالقصة العربية
942 _2ddc
_cBK
999 _c42201
_d42201